| 000 | 00398pab a2200145 454500 | ||
|---|---|---|---|
| 008 | 180718b1983 xxu||||| |||| 00| 0 eng d | ||
| 100 | _aDhaon, D.K. | ||
| 245 |
_aThe chief executive speaks _bState trading in minerals and metals |
||
| 260 | _c1983 | ||
| 300 | _a280-5 | ||
| 362 | _aJuly-Sept. | ||
| 650 | _aMinerals and Metals Trading Corporations | ||
| 773 | _aState Enterprise | ||
| 909 | _a13418 | ||
| 999 |
_c13418 _d13418 |
||